Δημόσιες Σχέσεις / Με απλα και κατανοητά μαθήματα με παραδείγματα και αναλύσεις περιπτώσεων - Με ασκήσεις στο τέλος κάθε κεφαλαίου - Κατάλληλο για σπουδαστές και στελέχη επιχειρήσεων. (Record no. 3464)
[ view plain ]
| 000 -LEADER | |
|---|---|
| fixed length control field | 01607cam a22002054a 4500 |
| 005 - ΗΜΕΡΟΜΗΝΙΑ ΚΑΙ ΩΡΑ ΤΕΛΕΥΤΑΙΑΣ ΕΝΗΜΕΡΩΣΗΣ | |
| Πεδίο ελέγχου | 20250605164116.0 |
| 008 - FIXED-LENGTH DATA ELEMENTS--GENERAL INFORMATION | |
| Πεδίο ελέγχου σταθερού μήκους | 250528s ||||||||||||||||||||||||d |
| 035 ## - SYSTEM CONTROL NUMBER | |
| System control number | 18077 |
| 020 ## - ISBN | |
| ISBN | 9602092351 |
| 040 ## - ΠΗΓΗ ΚΑΤΑΛΟΓΟΓΡΑΦΗΣΗΣ | |
| Φορέας πρωτότυπης καταλογογράφησης | MC Athens Campus Library |
| Γλώσσα καταλογογράφησης | Ελληνικά, Μοντέρνα (1453-) |
| Modifying agency | MC Athens Campus Library |
| Κανόνες περιγραφικής καταλογογράφησης | AACR2 |
| 245 1# - ΤΙΤΛΟΣ ΚΑΙ ΔΗΛΩΣΗ ΥΠΕΥΘΥΝΟΤΗΤΑΣ | |
| Τίτλος | Δημόσιες Σχέσεις / Με απλα και κατανοητά μαθήματα με παραδείγματα και αναλύσεις περιπτώσεων - Με ασκήσεις στο τέλος κάθε κεφαλαίου - Κατάλληλο για σπουδαστές και στελέχη επιχειρήσεων. |
| 250 ## - EDITION STATEMENT | |
| Edition statement | 4η |
| 260 ## - PUBLICATION, DISTRIBUTION, ETC. | |
| Name of publisher, distributor, etc. | Κλειδάριθμος, |
| Date of publication, distribution, etc. | 1994 |
| 300 ## - PHYSICAL DESCRIPTION | |
| Extent | 360 |
| 520 ## - SUMMARY, ETC. | |
| Summary, etc. | Συνοπτική και Περιεκτική Κάλυψη μεγάλου εύρους θεμάτων που ανήκουν στους τομείς της οικονομίας, των νομικών, και του κόσμου των επιχειρήσεων. Ιστορία των Δημοσίων Σχέσεων, Τμήματα Δημοσίων Σχέσεων, Στόχοι των Δημοσίων Σχέσεων, Τα μέσα Ενημέρωσης, Ιδιωτικά Μέσα Επικοινωνίας, Αξιολόγηση των Αποτελεσμάτων, Εκθέσεις και Συνέδρια, Διαδικασίες Εκτύπωσης, Έρευνα Μάρκετινγκ, Ειδικές Χρήσεις των ΔΣ, Νέες Εξελίξεις και Τάσεις, Παραρτήματα, Ευρετήριο. |
| 700 1# - ΠΡΟΣΘΕΤΗ ΑΝΑΓΡΑΦΗ--ΦΥΣΙΚΟ ΠΡΟΣΩΠΟ | |
| Personal name | Jefkins Frank |
| 9 (RLIN) | 2154 |
| 942 ## - ADDED ENTRY ELEMENTS (KOHA) | |
| Koha item type | Books |
| Τύπος τεκμηρίου | Βιβλιοθήκη | Τρέχουσα τοποθεσία | Barcode | Αριθμός εισαγωγής | Ημερομηνία απόκτησης | Ταξιθετικό σύμβολο | Αριθμός αντιτύπου | Κατάσταση απόσυρσης | Κατάσταση χαμένου | Κατάσταση κατεστραμμένου | Μη δανεισμός | Σύνολο δανεισμών | Ημερομηνία τελευταίας εμφάνισης | Η τιμή ισχύει από |
|---|---|---|---|---|---|---|---|---|---|---|---|---|---|---|
| Books | MC Athens Campus Library | MC Athens Campus Library | 9780000034632 | 2263 | 05/06/2025 | 659.2 JEF | 1 | 05/06/2025 | 05/06/2025 |